000 00474nam a2200169Ia 4500
005 20250508153725.0
008 008 250505s9999 xx 000 0 eng d
037 _aBooks to be hide in OPAC
040 _aFEDL
_beng
_cFEDL
041 _aeng
_2eng
084 _a420.7, ORT/O
_qFEDL
245 0 _aBasic seat-work : Book two
260 _aBombay, India
_bThe Times of India Press
300 _a71p.
942 _cHB
_h420.7, ORT/O
999 _c1345004
_d1345004